[Event "XXIII Festival Conca della Presolana A"]
[Site "Bratto - Castione della Presolana ITA"]
[Date "2003.08.22"]
[Round "2"]
[White "Osuna Munoz, Xavier"]
[Black "Nardelli, Marco"]
[Result "1-0"]
[WhiteElo "2097"]
[BlackElo "1902"]
[PlyCount "115"]
[EventDate "2003.08.21"]

1.e4 c5 2.Nf3 Nc6 3.Bc4 e6 4.Nc3 a6 5.a4 Qc7 6.O-O Nf6 7.d3 Be7 8.h3 O-O 
9.Re1 d6 10.Bg5 b6 11.Qd2 Bb7 12.Bb3 Rfd8 13.Bf4 Ne5 14.Bxe5 dxe5 15.Qe2 
Bc6 16.Nd2 b5 17.g4 Nd7 18.Qe3 Nf8 19.Ne2 h6 20.Nf3 Ng6 21.Kh2 Bb7 22.c4 
b4 23.Bc2 Kf8 24.Ng3 Nf4 25.Nh5 g6 26.Nxf4 exf4 27.Qe2 g5 28.Kg2 Bf6 29.
Rab1 Bd4 30.b3 Bf6 31.Rh1 Ke7 32.Rbd1 e5 33.Nh2 Rh8 34.f3 Rh7 35.Qf2 Rah8 
36.Rde1 Bc8 37.Bd1 Kd6 38.Bc2 Bd7 39.Bd1 Kc6 40.Bc2 Qc8 41.Bd1 h5 42.Qd2 
a5 43.Qe2 Rh6 44.Bc2 R8h7 45.d4 cxd4 46.c5 Qb7 47.Bd3 Kc7 48.Ba6 Qa8 49.c6
Bc8 50.Bxc8 Kxc8 51.Qb5 Rh8 52.Rc1 Re8 53.c7 Re6 54.gxh5 Rh8 55.Ng4 Bg7 
56.Rc5 f6 57.Rhc1 Bf8 58.Nxf6 1-0

[Event "XXIII Festival Conca della Presolana A"]
[Site "Bratto - Castione della Presolana ITA"]
[Date "2003.08.22"]
[Round "2"]
[White "Pagnoncelli, Marco"]
[Black "Barletta, Antonio"]
[Result "0-1"]
[WhiteElo "2116"]
[BlackElo "2053"]
[PlyCount "110"]
[EventDate "2003.08.21"]

1.e4 c5 2.Nf3 e6 3.Nc3 Nc6 4.d4 cxd4 5.Nxd4 Qc7 6.g3 a6 7.Bg2 Nf6 8.O-O 
Nxd4 9.Qxd4 Bc5 10.Qd3 O-O 11.Bf4 d6 12.Rae1 Ng4 13.Qe2 Ne5 14.Nd1 Bd7 15.
b3 Rac8 16.c3 Bb5 17.c4 Bd7 18.Be3 Bb4 19.Bd2 Bxd2 20.Qxd2 b5 21.f4 Qc5+ 
22.Kh1 Ng6 23.Ne3 bxc4 24.bxc4 Ne7 25.e5 Bc6 26.Qxd6 Bxg2+ 27.Kxg2 Qa7 28.
Qd3 Rfd8 29.Qe4 Rd2+ 30.Rf2 Rxf2+ 31.Kxf2 Nf5 32.Rd1 g6 33.Rd3 Qc5 34.Rc3 
h5 35.Kf3 Nd4+ 36.Kg2 Rb8 37.Nd1 Kg7 38.Rd3 Nf5 39.h3 Rc8 40.Rc3 Rd8 41.
Rd3 Rc8 42.Nb2 Qb4 43.Qe2 h4 44.gxh4 Nxh4+ 45.Kg3 Nf5+ 46.Kh2 Qc5 47.Qd2 
Nh4 48.Qe3 Qc6 49.Qf2 Nf5 50.Qg2 Qc5 51.Qd2 Rb8 52.Rb3 Nh4 53.Qe2 Rd8 54.
Nd1 Rxd1 55.Kg3 Rg1+ 0-1

[Event "XXIII Festival Conca della Presolana A"]
[Site "Bratto - Castione della Presolana ITA"]
[Date "2003.08.22"]
[Round "2"]
[White "Pegoraro, Nicola"]
[Black "Rosin, Federico"]
[Result "0-1"]
[WhiteElo "2061"]
[BlackElo "2117"]
[PlyCount "46"]
[EventDate "2003.08.21"]

1.e4 c5 2.Nf3 Nc6 3.d4 cxd4 4.Nxd4 Nf6 5.Nc3 e5 6.Ndb5 d6 7.Bg5 a6 8.Na3 
b5 9.Bxf6 gxf6 10.Nd5 Bg7 11.c3 f5 12.Bd3 Be6 13.Qh5 f4 14.Nc2 Ne7 15.Ncb4
Bxd5 16.exd5 Qd7 17.O-O h6 18.Qe2 O-O 19.Nxa6 f3 20.gxf3 Nxd5 21.Qe4 Nf6 
22.Qh4 Rxa6 23.a4 Rxa4 0-1

[Event "XXIII Festival Conca della Presolana A"]
[Site "Bratto - Castione della Presolana ITA"]
[Date "2003.08.22"]
[Round "2"]
[White "Podini, Francesco"]
[Black "Alberton, Roberto"]
[Result "0-1"]
[WhiteElo "2041"]
[BlackElo "2113"]
[PlyCount "56"]
[EventDate "2003.08.21"]

1.e4 e6 2.d4 d5 3.Nc3 Nf6 4.Bg5 Be7 5.Bxf6 Bxf6 6.e5 Be7 7.Qg4 O-O 8.Bd3 
f5 9.Qe2 c5 10.dxc5 Bxc5 11.Nf3 Nc6 12.O-O Bd7 13.Rad1 Rc8 14.Nb1 Nb4 15.
c4 Nxd3 16.Qxd3 Qb6 17.Nc3 Bb4 18.b3 Rfd8 19.Nd4 dxc4 20.bxc4 Qc5 21.Nce2 
Qxe5 22.Qb3 Bc5 23.Rfe1 Qc7 24.g3 Kh8 25.Qc2 Bb4 26.Nf4 Bxe1 27.Ndxe6 Bxe6
28.Nxe6 Bxf2+ 0-1

[Event "XXIII Festival Conca della Presolana A"]
[Site "Bratto - Castione della Presolana ITA"]
[Date "2003.08.22"]
[Round "2"]
[White "Rago, Riccardo"]
[Black "Borgo, Giulio"]
[Result "1/2-1/2"]
[WhiteElo "2163"]
[BlackElo "2423"]
[PlyCount "94"]
[EventDate "2003.08.21"]

1.e4 d5 2.exd5 Qxd5 3.Nc3 Qd6 4.d4 Nf6 5.h3 a6 6.Nf3 Nbd7 7.Be2 b5 8.O-O 
Bb7 9.a3 Rd8 10.Be3 e6 11.Qc1 Be7 12.Rd1 O-O 13.Bf4 Qb6 14.a4 Bc6 15.axb5 
axb5 16.Be3 Qb7 17.Nb1 Ra8 18.Nbd2 Rxa1 19.Qxa1 Ra8 20.Qc1 Nd5 21.Nf1 Nxe3
22.Qxe3 Ra2 23.Qb3 Qa6 24.Ne3 Qa4 25.Qxa4 bxa4 26.Rb1 Nb6 27.Ne5 Be8 28.
Bd3 a3 29.bxa3 Rxa3 30.N5c4 Nxc4 31.Nxc4 Ra8 32.Rb7 Bd8 33.f3 Bc6 34.Rb1 
f6 35.Kf2 Kf8 36.Ke3 g6 37.Be4 Bd5 38.Bxd5 exd5 39.Nd2 Ke7 40.Kd3 Kd6 41.
Nb3 Ra3 42.Re1 Be7 43.f4 Kd7 44.g4 c5 45.dxc5 Bxc5 46.f5 gxf5 47.gxf5 Bd6 
1/2-1/2

[Event "XXIII Festival Conca della Presolana A"]
[Site "Bratto - Castione della Presolana ITA"]
[Date "2003.08.22"]
[Round "2"]
[White "Rigamonti, Stefano"]
[Black "Isonzo, David"]
[Result "0-1"]
[WhiteElo "1905"]
[BlackElo "2347"]
[PlyCount "48"]
[EventDate "2003.08.21"]

1.e4 e5 2.Nf3 Nc6 3.Bc4 Nf6 4.Ng5 d5 5.exd5 Na5 6.Bb5+ c6 7.dxc6 bxc6 8.
Be2 h6 9.Nf3 e4 10.Ne5 Bd6 11.d4 exd3 12.Nxd3 Qc7 13.h3 O-O 14.O-O Re8 15.
Bf3 Bf5 16.Nc3 Rad8 17.Re1 Rxe1+ 18.Qxe1 Nc4 19.Qf1 Qa5 20.Bxc6 Ne5 21.
Nxe5 Bxe5 22.Be3 Rb8 23.Qc1 a6 24.Bf3 Qb4 0-1

[Event "XXIII Festival Conca della Presolana A"]
[Site "Bratto - Castione della Presolana ITA"]
[Date "2003.08.22"]
[Round "2"]
[White "Rombaldoni, Andrea"]
[Black "Luchsinger, Eric"]
[Result "1-0"]
[WhiteElo "2259"]
[BlackElo "2094"]
[PlyCount "77"]
[EventDate "2003.08.21"]

1.e4 e5 2.f4 exf4 3.Nf3 g5 4.h4 g4 5.Ne5 d6 6.Nxg4 Nf6 7.Nf2 Rg8 8.d4 Bh6 
9.Nc3 Nc6 10.Qd3 Rg3 11.Qc4 Qe7 12.Bd2 Bg4 13.Nd5 Nxd5 14.Qxd5 Bd7 15.
O-O-O O-O-O 16.Qh5 Qf8 17.c3 Re8 18.Re1 f5 19.Rg1 Rg6 20.Bd3 fxe4 21.Rxe4 
Rxe4 22.Bxe4 f3 23.Bxg6 Bxd2+ 24.Kxd2 Qf4+ 25.Kc2 hxg6 26.Qxf3 Bf5+ 27.Kd1
Qxh4 28.g4 Bd7 29.Rh1 Qg5 30.Rh8+ Nd8 31.Kc2 Ba4+ 32.b3 Bc6 33.Qf8 b5 34.
Qh6 Qe7 35.Qd2 Qf7 36.Kb2 Qe7 37.Nd3 Bd7 38.Nb4 Kb7 39.Nd5 1-0

[Event "XXIII Festival Conca della Presolana A"]
[Site "Bratto - Castione della Presolana ITA"]
[Date "2003.08.22"]
[Round "2"]
[White "Satta, Vladimiro"]
[Black "Zanellato, Lorenzo"]
[Result "1/2-1/2"]
[WhiteElo "2242"]
[BlackElo "2055"]
[PlyCount "62"]
[EventDate "2003.08.21"]

1.e4 c6 2.c4 d5 3.exd5 cxd5 4.cxd5 Nf6 5.Nc3 Nxd5 6.Nf3 Nc6 7.Bb5 e6 8.O-O
Be7 9.d4 O-O 10.Re1 Nf6 11.Bg5 Nb4 12.Rc1 a6 13.Bc4 b5 14.Bb3 Bb7 15.Ne5 
Nbd5 16.Nxd5 Nxd5 17.Bxe7 Qxe7 18.Nc6 Bxc6 19.Rxc6 Qd7 20.Rc5 Rac8 21.Bxd5
exd5 22.b4 Rfe8 23.h3 Rxe1+ 24.Qxe1 Re8 25.Qc3 Qf5 26.Qc2 Qxc2 27.Rxc2 
Re1+ 28.Kh2 Kf8 29.Rc6 Rd1 30.Rxa6 Rxd4 31.a3 Rd3 1/2-1/2

[Event "XXIII Festival Conca della Presolana A"]
[Site "Bratto - Castione della Presolana ITA"]
[Date "2003.08.22"]
[Round "2"]
[White "Sax, Gyula"]
[Black "Brancaleoni, Maurizio"]
[Result "1-0"]
[WhiteElo "2521"]
[BlackElo "2298"]
[PlyCount "53"]
[EventDate "2003.08.21"]

1.e4 e5 2.Nf3 Nc6 3.Bc4 Bc5 4.c3 Nf6 5.d3 a6 6.Nbd2 Ba7 7.Bb3 O-O 8.Nc4 d6
9.Bg5 h6 10.Bh4 Ne7 11.Bxf6 gxf6 12.Nh4 d5 13.exd5 Nxd5 14.Qf3 Nf4 15.
O-O-O Qd5 16.Qxd5 Nxd5 17.Nxe5 Nxc3 18.bxc3 fxe5 19.Rd2 Kg7 20.Re1 f6 21.
d4 h5 22.Rd3 Kh6 23.Rg3 Bg4 24.h3 exd4 25.hxg4 dxc3 26.Nf5+ Kg5 27.gxh5+ 
1-0

[Event "XXIII Festival Conca della Presolana A"]
[Site "Bratto - Castione della Presolana ITA"]
[Date "2003.08.22"]
[Round "2"]
[White "Scacco, Mauro"]
[Black "Marzano, Carlo"]
[Result "0-1"]
[WhiteElo "2090"]
[BlackElo "2225"]
[PlyCount "96"]
[EventDate "2003.08.21"]

1.e4 Nc6 2.Nf3 d6 3.d4 Nf6 4.Nc3 Bg4 5.Be2 e5 6.d5 Ne7 7.O-O Ng6 8.Ne1 Bd7
9.Nd3 Be7 10.f4 exf4 11.Nxf4 Ne5 12.Nd3 Nfg4 13.h3 Nxd3 14.cxd3 Ne5 15.d4 
Ng6 16.Bg4 O-O 17.Be3 a6 18.Bxd7 Qxd7 19.Qh5 Rae8 20.Rf3 Bd8 21.Raf1 c6 
22.Kh1 b5 23.b4 Qb7 24.dxc6 Qxc6 25.Bg1 Qc4 26.g3 Qxb4 27.h4 Qc4 28.Qg4 
Qe6 29.Qxe6 fxe6 30.h5 Ne7 31.g4 Bb6 32.Kg2 Rxf3 33.Rxf3 Rf8 34.Rxf8+ Kxf8
35.Ne2 d5 36.Kf3 Ke8 37.Ke3 Kd7 38.Kd3 Nc6 39.a3 Bc7 40.Be3 Bd6 41.exd5 
exd5 42.Nf4 Bxa3 43.h6 gxh6 44.Nxd5 Nb4+ 45.Ke4 Nxd5 46.Kxd5 a5 47.Bxh6 a4
48.Bd2 Bb2 0-1

[Event "XXIII Festival Conca della Presolana A"]
[Site "Bratto - Castione della Presolana ITA"]
[Date "2003.08.22"]
[Round "2"]
[White "Shytaj, Carlo"]
[Black "Lovati, Paolo"]
[Result "1/2-1/2"]
[WhiteElo "2150"]
[BlackElo "2089"]
[PlyCount "120"]
[EventDate "2003.08.21"]

1.e4 d6 2.d4 Nf6 3.Nc3 c6 4.f4 Qa5 5.Bd3 e5 6.Nf3 exd4 7.Nxd4 g6 8.Nb3 Qc7
9.O-O Bg7 10.Qe1 O-O 11.Qh4 a5 12.a4 Na6 13.h3 Qb6+ 14.Qf2 Qxf2+ 15.Kxf2 
Nb4 16.Be3 Nxd3+ 17.cxd3 Nd7 18.d4 Nb6 19.Nd2 d5 20.exd5 cxd5 21.b3 Bd7 
22.Nf3 Rfc8 23.Rfc1 f6 24.Nb5 Rxc1 25.Bxc1 Bxb5 26.axb5 Rc8 27.Bd2 Rc2 28.
Rxa5 Rb2 29.Ra7 Rxb3 30.Rxb7 Rxb5 31.Ba5 Rb2+ 32.Nd2 Nc4 33.Rxb2 Nxb2 34.
Ke2 Bf8 35.Bc3 Nc4 36.Kd3 Nb6 37.Ba5 Nc8 38.Nf1 Kf7 39.Ne3 Ke6 40.g3 Bd6 
41.Bd2 Bb8 42.Nd1 Nd6 43.Nf2 Ba7 44.Be3 Nf5 45.g4 Nd6 46.Nh1 Bb6 47.Ng3 f5
48.Bd2 Nf7 49.gxf5+ gxf5 50.Ne2 Nd6 51.Ng1 Ne4 52.Be3 h6 53.Nf3 Bd8 54.Kc2
Nf6 55.Ng1 Nh5 56.Ne2 Bh4 57.Kb3 Ng3 58.Nxg3 Bxg3 59.Kb4 Be1+ 60.Kc5 Bh4 
1/2-1/2

[Event "XXIII Festival Conca della Presolana A"]
[Site "Bratto - Castione della Presolana ITA"]
[Date "2003.08.22"]
[Round "2"]
[White "Tatai, Stefano"]
[Black "Ricci, Alfredo"]
[Result "1-0"]
[WhiteElo "2343"]
[BlackElo "2037"]
[PlyCount "73"]
[EventDate "2003.08.21"]

1.e4 c5 2.Nf3 e6 3.d4 cxd4 4.Nxd4 a6 5.Nc3 Qc7 6.g3 Nf6 7.Bg2 d6 8.O-O Nc6
9.Nxc6 bxc6 10.Re1 Be7 11.e5 dxe5 12.Rxe5 O-O 13.Bf4 Rd8 14.Rd5 Rxd5 15.
Nxd5 Qb7 16.Nxe7+ Qxe7 17.Bxc6 e5 18.Bxe5 Bg4 19.Qd4 Rc8 20.Bxf6 Qxf6 21.
Qxf6 gxf6 22.Be4 f5 23.Bd3 f4 24.f3 Be6 25.gxf4 Bc4 26.Be4 Rd8 27.b3 Be6 
28.Bd3 a5 29.Kf2 f6 30.Rg1+ Kf7 31.f5 Bd5 32.Rg4 Rd7 33.Rd4 Bc6 34.Rxd7+ 
Bxd7 35.a3 Ke7 36.Ke3 Kd6 37.Kd4 1-0

[Event "XXIII Festival Conca della Presolana A"]
[Site "Bratto - Castione della Presolana ITA"]
[Date "2003.08.22"]
[Round "2"]
[White "Tirrito, Luca"]
[Black "Bonetti, Marco"]
[Result "0-1"]
[WhiteElo "2036"]
[BlackElo "2105"]
[PlyCount "72"]
[EventDate "2003.08.21"]

1.e4 Nf6 2.d3 c5 3.f4 Nc6 4.Be3 d6 5.Be2 e5 6.Nf3 Be7 7.c4 exf4 8.Bxf4 Ng4
9.O-O Bf6 10.Nc3 Nd4 11.Kh1 Nxe2 12.Qxe2 h5 13.Nd5 Be5 14.Nxe5 dxe5 15.Bg3
h4 16.Be1 h3 17.g3 Be6 18.b4 b5 19.bxc5 bxc4 20.dxc4 f5 21.Rd1 O-O 22.Nf4 
Qe8 23.Nxe6 Qxe6 24.Rd6 Qe8 25.c6 fxe4 26.Rxf8+ Qxf8 27.Kg1 Qxd6 28.Qxg4 
Qd4+ 29.Kh1 Qxc4 30.Qxh3 Rf8 31.Kg1 Qd4+ 32.Kh1 Qc4 33.Kg1 Qxc6 34.Qg2 
Qc5+ 35.Kh1 Qe3 36.Bf2 Rxf2 0-1

[Event "XXIII Festival Conca della Presolana A"]
[Site "Bratto - Castione della Presolana ITA"]
[Date "2003.08.22"]
[Round "2"]
[White "Zacco, Remo"]
[Black "Maccagno, Giancarlo"]
[Result "1/2-1/2"]
[WhiteElo "2077"]
[BlackElo "2133"]
[PlyCount "114"]
[EventDate "2003.08.21"]

1.e4 c6 2.d4 g6 3.Nc3 d6 4.Nf3 Bg7 5.h3 Nd7 6.Be3 e5 7.Qd2 b5 8.d5 c5 9.
Bxb5 Rb8 10.b3 Nf6 11.a4 O-O 12.O-O Qa5 13.Bd3 a6 14.Ne2 Rb4 15.Ng3 Qc7 
16.Bh6 a5 17.Bxg7 Kxg7 18.Nh4 Nb6 19.f4 Ng8 20.f5 f6 21.fxg6 hxg6 22.Qe2 
Ne7 23.Nf3 c4 24.bxc4 Nxc4 25.Rfb1 Qb6+ 26.Kh2 Rxb1 27.Rxb1 Qxb1 28.Bxc4 
Qb4 29.Bb5 Rh8 30.Qe3 Rf8 31.Qa7 Rf7 32.Be8 Qc3 33.Bxf7 Kxf7 34.Qb6 Qb4 
35.Qxb4 axb4 36.Nd2 Ba6 37.Kg1 f5 38.Ngf1 f4 39.Kf2 g5 40.Nh2 Nc8 41.Nhf3 
Kf6 42.Nb3 Nb6 43.a5 Nc4 44.Ne1 Ne3 45.Nc1 Ke7 46.Na2 Nxc2 47.Nxc2 b3 48.
Nab4 bxc2 49.Nxc2 Kd7 50.Nb4 Bb5 51.Kf3 Kc7 52.g3 Bd7 53.h4 gxh4 54.gxh4 
Be8 55.Nc6 Bh5+ 56.Kf2 Bg6 57.Kf3 Bh5+ 1/2-1/2

[Event "XXIII Festival Conca della Presolana A"]
[Site "Bratto - Castione della Presolana ITA"]
[Date "2003.08.22"]
[Round "2"]
[White "Zoldan, Matteo"]
[Black "Guglielmi, Giuseppe"]
[Result "1-0"]
[WhiteElo "2104"]
[BlackElo "1991"]
[PlyCount "135"]
[EventDate "2003.08.21"]

1.c4 c5 2.Nc3 Nc6 3.g3 g6 4.Bg2 Bg7 5.d3 Nf6 6.e4 O-O 7.Nge2 d6 8.O-O Bg4 
9.f3 Bd7 10.Be3 e5 11.h3 Nd4 12.f4 Bh6 13.Qd2 Nh5 14.g4 exf4 15.Nxf4 Ng7 
16.Nfd5 Bxe3+ 17.Qxe3 f6 18.Qf4 Ne8 19.h4 Be6 20.Rf2 a6 21.Raf1 b5 22.a3 
Rb8 23.cxb5 axb5 24.b4 Qd7 25.g5 cxb4 26.axb4 f5 27.e5 dxe5 28.Qxe5 Nc6 
29.Qe3 Kh8 30.Nf4 Ng7 31.Re1 Rfe8 32.Qc5 Nd4 33.Ncd5 Bxd5 34.Rxe8+ Qxe8 
35.Qxd5 Qe1+ 36.Rf1 Qxb4 37.Rc1 Re8 38.Kh2 Qd2 39.Rf1 Qe3 40.Qd6 Qe5 41.
Qxe5 Rxe5 42.Ra1 Nge6 43.Nd5 Re2 44.Ra7 f4 45.Kh3 f3 46.Nf6 Nf8 47.Bxf3 
Re3 48.Rf7 Rxf3+ 49.Kg2 Rxd3 50.Rxf8+ Kg7 51.Rb8 h5 52.Rb7+ Kf8 53.Nd7+ 
Ke8 54.Ne5 Rd2+ 55.Kh3 Kd8 56.Nxg6 Kc8 57.Rf7 b4 58.Ne7+ Kd8 59.g6 Ke8 60.
g7 Rd3+ 61.Kg2 Rd2+ 62.Rf2 Rxf2+ 63.Kxf2 Kxe7 64.g8=Q Nc6 65.Qg5+ Kd6 66.
Qxh5 Ne5 67.Ke3 Kd5 68.Kf4 1-0

[Event "XXIII Festival Conca della Presolana A"]
[Site "Bratto - Castione della Presolana ITA"]
[Date "2003.08.23"]
[Round "3"]
[White "Agnelli, Francesco"]
[Black "Lucaroni, Massimiliano"]
[Result "0-1"]
[WhiteElo "2102"]
[BlackElo "2295"]
[PlyCount "36"]
[EventDate "2003.08.21"]

1.e4 e5 2.Nf3 Nc6 3.Bb5 a6 4.Ba4 Nf6 5.d3 Bc5 6.c3 d6 7.Nbd2 O-O 8.O-O Ba7
9.Re1 Ng4 10.Rf1 f5 11.Bb3+ Kh8 12.h3 Nf6 13.Qe2 Nh5 14.Rd1 Nf4 15.Qf1 Qe8
16.exf5 Bxf5 17.Ne4 Bxe4 18.dxe4 Nxh3+ 0-1

[Event "XXIII Festival Conca della Presolana A"]
[Site "Bratto - Castione della Presolana ITA"]
[Date "2003.08.23"]
[Round "3"]
[White "Alberton, Roberto"]
[Black "Shytaj, Luca"]
[Result "1/2-1/2"]
[WhiteElo "2113"]
[BlackElo "2336"]
[PlyCount "119"]
[EventDate "2003.08.21"]

1.Nf3 Nf6 2.c4 e6 3.g3 d5 4.Bg2 c6 5.b3 Nbd7 6.Bb2 Be7 7.O-O O-O 8.d3 a6 
9.Nbd2 Qa5 10.a3 Rd8 11.Qc2 dxc4 12.Nxc4 Qh5 13.h3 Nd5 14.e4 N5b6 15.g4 
Qg6 16.Nxb6 Nxb6 17.Ne5 Qh6 18.Bc1 g5 19.f4 Qg7 20.Bb2 Bf6 21.d4 Nd7 22.
Nf3 gxf4 23.e5 Be7 24.Qe4 c5 25.Qxf4 cxd4 26.Bxd4 Nf8 27.Rad1 Bd7 28.Bb6 
Rdc8 29.Nd4 Bc6 30.Nxc6 bxc6 31.b4 Rab8 32.Bd4 c5 33.Bxc5 Bxc5+ 34.bxc5 
Rxc5 35.Rd6 a5 36.Re1 Rbb5 37.Rd8 Rxe5 38.Red1 Qg5 39.Qc4 Rbc5 40.Qa6 Re1+
41.Rxe1 Qxd8 42.Qa7 Rc4 43.Kh1 Ng6 44.Rb1 Kg7 45.Qe3 Qd4 46.Qxd4+ Rxd4 47.
Rb5 e5 48.Rxa5 e4 49.Kh2 Rd2 50.Kg3 e3 51.Ra4 Rd3 52.Re4 Rxa3 53.Bf3 Nf8 
54.Be2 Ne6 55.h4 Nc5 56.Re5 Nd7 57.Re7 Nf8 58.Bc4 Ng6 59.Rxf7+ Kh8 60.Rf6 
1/2-1/2

[Event "XXIII Festival Conca della Presolana A"]
[Site "Bratto - Castione della Presolana ITA"]
[Date "2003.08.23"]
[Round "3"]
[White "Astengo, Marcello"]
[Black "Shytaj, Carlo"]
[Result "0-1"]
[WhiteElo "2070"]
[BlackElo "2150"]
[PlyCount "114"]
[EventDate "2003.08.21"]

1.d4 Nf6 2.c4 e6 3.Nc3 Bb4 4.e3 c5 5.Ne2 d6 6.a3 Ba5 7.g3 Ne4 8.Qc2 Nxc3 
9.Nxc3 Nc6 10.dxc5 dxc5 11.b3 Ne5 12.Bb2 O-O 13.Rd1 Qf6 14.Bg2 Bc7 15.f4 
Qg6 16.Qxg6 Nxg6 17.Ne4 Bb6 18.O-O f6 19.a4 f5 20.Nd6 Rb8 21.Nxc8 Rfxc8 
22.Rd7 Rc7 23.Rfd1 Nf8 24.R7d3 Re7 25.e4 fxe4 26.Bxe4 a6 27.Kf2 Ba5 28.Ba3
Rc8 29.Ke3 Kf7 30.Bf3 Bb6 31.Bh5+ Kg8 32.Ke4 a5 33.Bb2 Bc7 34.Be5 g6 35.
Bg4 Kf7 36.Bxc7 Rcxc7 37.Ke5 Rc6 38.Rd8 Rec7 39.R1d6 Ke7 40.Rxc6 Rxc6 41.
Rd3 Nd7+ 42.Ke4 Nf6+ 43.Kf3 Ne8 44.Bh3 Rd6 45.Re3 Kf6 46.g4 h6 47.g5+ hxg5
48.fxg5+ Kxg5 49.Bxe6 Ng7 50.Bc8 b6 51.Re5+ Kf6 52.Rd5 Rxd5 53.cxd5 Ne8 
54.Kf4 Nd6 55.Ba6 g5+ 56.Kg4 Nf7 57.Bd3 Ne5+ 0-1

[Event "XXIII Festival Conca della Presolana A"]
[Site "Bratto - Castione della Presolana ITA"]
[Date "2003.08.23"]
[Round "3"]
[White "Barletta, Antonio"]
[Black "Caruso, Augusto"]
[Result "0-1"]
[WhiteElo "2053"]
[BlackElo "2247"]
[PlyCount "78"]
[EventDate "2003.08.21"]

1.e4 c6 2.d4 d5 3.Nc3 dxe4 4.Nxe4 Nf6 5.Nxf6+ exf6 6.Nf3 Bd6 7.Be2 Qc7 8.
Qd3 Be6 9.c4 Nd7 10.Bd2 Rd8 11.b4 O-O 12.O-O Rfe8 13.Bd1 Ne5 14.dxe5 Bxe5 
15.Nxe5 Rxd3 16.Nxd3 Qd8 17.Bc2 Bxc4 18.Rfe1 Re6 19.Be3 Bxd3 20.Bxd3 Qxd3 
21.Rad1 Qe4 22.f3 Qe5 23.f4 Qb8 24.f5 Re8 25.Bf4 Rxe1+ 26.Rxe1 Qd8 27.Be3 
b6 28.a4 h6 29.Ra1 Qd3 30.Bf2 Qc3 31.Rb1 Qc2 32.Ra1 Qb2 33.Rd1 Qxb4 34.a5 
Qxa5 35.g4 c5 36.h3 c4 37.Rd8+ Kh7 38.Rd7 c3 39.Rc7 Qe5 0-1

[Event "XXIII Festival Conca della Presolana A"]
[Site "Bratto - Castione della Presolana ITA"]
[Date "2003.08.23"]
[Round "3"]
[White "Barlocco, Carlo"]
[Black "Rigamonti, Stefano"]
[Result "1-0"]
[WhiteElo "2150"]
[BlackElo "1905"]
[PlyCount "101"]
[EventDate "2003.08.21"]

1.d4 Nf6 2.c4 e6 3.Nc3 Bb4 4.f3 d5 5.a3 Bxc3+ 6.bxc3 c5 7.cxd5 exd5 8.Bg5 
h6 9.Bh4 Qa5 10.Qd2 Nc6 11.Bxf6 gxf6 12.e3 Bf5 13.Ne2 O-O-O 14.dxc5 Qxc5 
15.Nd4 Bg6 16.Be2 Ne5 17.Kf2 Rhe8 18.Qb2 Qe7 19.Rhe1 Bd3 20.Qb4 Rd6 21.
Rad1 Nc6 22.Qc5 Bxe2 23.Nf5 Qe6 24.Nxd6+ Kb8 25.Rxe2 Re7 26.Rxd5 Rd7 27.
Red2 Ne7 28.R5d4 Rc7 29.Qxc7+ Kxc7 30.Ne8+ Kb8 31.Rd8+ Nc8 32.Nd6 a6 33.
Rxc8+ Ka7 34.Rc7 Kb6 35.Rxb7+ Kc6 36.Nxf7 Qf5 37.Rbd7 Qg6 38.Ne5+ fxe5 39.
R2d6+ Qxd6 40.Rxd6+ Kxd6 41.Ke2 Kc5 42.Kd3 Kb5 43.f4 exf4 44.exf4 Ka4 45.
f5 Kxa3 46.f6 a5 47.f7 a4 48.f8=Q+ Ka2 49.c4 a3 50.c5 Ka1 51.c6 1-0

[Event "XXIII Festival Conca della Presolana A"]
[Site "Bratto - Castione della Presolana ITA"]
[Date "2003.08.23"]
[Round "3"]
[White "Bonazzi, Edoardo"]
[Black "Frilli, Guido"]
[Result "1/2-1/2"]
[WhiteElo "2130"]
[BlackElo "2071"]
[PlyCount "48"]
[EventDate "2003.08.21"]

1.c4 e5 2.g3 Nc6 3.Bg2 g6 4.Nc3 Bg7 5.d3 d6 6.Nf3 f5 7.O-O Nf6 8.Bg5 h6 9.
Bxf6 Bxf6 10.Rb1 O-O 11.Nd5 Bg7 12.b4 g5 13.Nd2 Ne7 14.Qb3 Kh8 15.b5 f4 
16.Nxe7 Qxe7 17.Rbc1 a6 18.a4 g4 19.c5 axb5 20.cxd6 Qxd6 21.axb5 Be6 22.
Nc4 f3 23.exf3 gxf3 24.Bh1 Qd4 1/2-1/2

[Event "XXIII Festival Conca della Presolana A"]
[Site "Bratto - Castione della Presolana ITA"]
[Date "2003.08.23"]
[Round "3"]
[White "Bonetti, Marco"]
[Black "Costantini, Roberto"]
[Result "0-1"]
[WhiteElo "2105"]
[BlackElo "2334"]
[PlyCount "82"]
[EventDate "2003.08.21"]

1.e4 c5 2.Nf3 d6 3.d4 cxd4 4.Nxd4 Nf6 5.Nc3 a6 6.Bc4 e6 7.Bb3 Nbd7 8.O-O 
Nc5 9.Qe2 Be7 10.Bg5 Nfxe4 11.Nxe4 Bxg5 12.Nxc5 dxc5 13.Nf5 O-O 14.Rad1 
Qc7 15.Nd6 Bf4 16.Ne4 Bxh2+ 17.Kh1 Be5 18.c3 Qe7 19.Qh5 f5 20.Ng5 g6 21.
Qe2 Bf4 22.Bxe6+ Kg7 23.Nh3 Qxe6 24.Qxe6 Bxe6 25.Nxf4 Bxa2 26.Rd6 Rad8 27.
Rb6 Rd7 28.b3 Rf6 29.Ne6+ Kh6 30.Nxc5 Rxb6 31.Nxd7 Rxb3 32.Ra1 Rb1+ 33.
Rxb1 Bxb1 34.Nc5 a5 35.Nxb7 a4 36.Na5 Ba2 37.Kg1 a3 38.Nc6 Bc4 39.Nd4 a2 
40.Nc2 Kg5 41.f3 f4 0-1

[Event "XXIII Festival Conca della Presolana A"]
[Site "Bratto - Castione della Presolana ITA"]
[Date "2003.08.23"]
[Round "3"]
[White "Borgo, Giulio"]
[Black "De Vita, Igor"]
[Result "1/2-1/2"]
[WhiteElo "2423"]
[BlackElo "2158"]
[PlyCount "103"]
[EventDate "2003.08.21"]

1.Nf3 Nf6 2.g3 b5 3.Bg2 Bb7 4.b3 g6 5.Bb2 Bg7 6.d3 d6 7.e4 Nbd7 8.O-O c5 
9.Nfd2 Qb8 10.c3 O-O 11.d4 e5 12.Na3 a6 13.Nc2 Re8 14.d5 Bc8 15.Re1 Bh6 
16.Nf1 Qc7 17.Bc1 Bg7 18.g4 Nb6 19.h3 h5 20.Bf3 hxg4 21.hxg4 Nh7 22.Ng3 
Qe7 23.Kg2 Bf6 24.Rg1 Ng5 25.Be2 Bd7 26.Ne3 Kg7 27.Kf1 Rh8 28.a4 Qe8 29.a5
Nc8 30.Ng2 Nh3 31.Rh1 Ng5 32.Rxh8 Qxh8 33.Ke1 Qh3 34.Ne3 Ne7 35.Nef1 Qg2 
36.Be3 Rh8 37.c4 b4 38.Bxg5 Bxg5 39.Bf3 Qh3 40.Qe2 Rh4 41.Ne3 Bxe3 42.Qxe3
Bxg4 43.Bh1 Rh8 44.Bf3 Bxf3 45.Qxf3 Rh4 46.Ke2 Qg4 47.Qxg4 Rxg4 48.Rh1 f5 
49.exf5 Nxf5 50.Nxf5+ gxf5 51.Rh5 f4 52.Kf3 1/2-1/2

[Event "XXIII Festival Conca della Presolana A"]
[Site "Bratto - Castione della Presolana ITA"]
[Date "2003.08.23"]
[Round "3"]
[White "Borroni, Enrico"]
[Black "Capone, Vincenzo"]
[Result "1/2-1/2"]
[WhiteElo "1908"]
[BlackElo "2133"]
[PlyCount "33"]
[EventDate "2003.08.21"]

1.d4 Nf6 2.Nf3 g6 3.e3 Bg7 4.Be2 d6 5.O-O O-O 6.b3 Nbd7 7.Bb2 e5 8.dxe5 
Ng4 9.Qc1 Ngxe5 10.Nbd2 Kh8 11.c4 f5 12.Nxe5 dxe5 13.Nf3 e4 14.Bxg7+ Kxg7 
15.Qb2+ Qf6 16.Qxf6+ Kxf6 17.Nd4 1/2-1/2

[Event "XXIII Festival Conca della Presolana A"]
[Site "Bratto - Castione della Presolana ITA"]
[Date "2003.08.23"]
[Round "3"]
[White "Bottino, Alexiei"]
[Black "Contini, Gabriele"]
[Result "1/2-1/2"]
[WhiteElo "2071"]
[BlackElo "1969"]
[PlyCount "132"]
[EventDate "2003.08.21"]

1.d4 d5 2.c4 c5 3.g3 cxd4 4.Nf3 Nf6 5.Bg2 dxc4 6.O-O Nc6 7.Qa4 e6 8.Qxc4 
Qb6 9.Rd1 Bc5 10.Nbd2 Na5 11.Qd3 Bd7 12.a4 Bc6 13.b4 Bxb4 14.Rb1 Qc5 15.
Bb2 Bc3 16.Nxd4 Bxb2 17.Nxc6 Nxc6 18.Rxb2 Rd8 19.Qb1 O-O 20.Rxb7 Ne5 21.
Rc1 Qd4 22.Nb3 Qxa4 23.Nc5 Qd4 24.Rxa7 Rb8 25.Rb7 Qd6 26.Ne4 Nxe4 27.Bxe4 
Rxb7 28.Qxb7 Qd2 29.Qc7 Ng6 30.Bd3 Qg5 31.Rc5 Qd8 32.Qa7 Qa8 33.Qc7 Qb8 
34.f4 Qxc7 35.Rxc7 Rd8 36.Kf2 Kf8 37.Bc4 Ne7 38.e4 Rc8 39.Rd7 Ke8 40.Bb5 
Kf8 41.Ke3 Nc6 42.g4 e5 43.Bc4 exf4+ 44.Kxf4 Nd8 45.Bd5 Ne6+ 46.Ke5 Re8 
47.Kf5 Re7 48.Rd6 Nc7 49.Rd8+ Re8 50.Rxe8+ Kxe8 51.Bc4 Ke7 52.g5 f6 53.
gxf6+ gxf6 54.Bg8 h5 55.h4 Ne8 56.Bb3 Nd6+ 57.Kf4 Nb5 58.Bd1 Kf7 59.Bxh5+ 
Kg7 60.Bg4 Nd6 61.Bf5 Kh6 62.Bg4 Nxe4 63.Kxe4 f5+ 64.Kxf5 Kh7 65.Kf6 Kh8 
66.Be6 Kh7 1/2-1/2